Southville International School and Colleges
Your cart is empty.
  • Cart
  • Lists
    Public lists Eva Luna New books Lux_list list_1
    Your lists Log in to create your own lists
  • Log in to your account
  • Your cookies
  • Search history
Southville International School and Colleges
  • Advanced search
  • Recent comments
  • Most popular
  • Libraries

Log in to your account

Log in with GOOGLE


If you do not have an external account, but do have a local account, you can still log in:

  1. Home
  2. MARC view: Social & emotional health in early childhood :
Normal view MARC view ISBD view

Social & emotional health in early childhood : (Record no. 15632)

[ view plain ]
MARC details
000 -LEADER
fixed length control field 01605cam a22004454a 4500
001 - CONTROL NUMBER
control field 14673800
003 - CONTROL NUMBER IDENTIFIER
control field OSt
005 - DATE AND TIME OF LATEST TRANSACTION
control field 20140310182745.0
008 - FIXED-LENGTH DATA ELEMENTS--GENERAL INFORMATION
fixed length control field 061213s2007 mdua b 001 0 eng
010 ## - LIBRARY OF CONGRESS CONTROL NUMBER
LC control number 2006101731
020 ## - INTERNATIONAL STANDARD BOOK NUMBER
International Standard Book Number 9781557667823 (pbk.)
020 ## - INTERNATIONAL STANDARD BOOK NUMBER
International Standard Book Number 1557667829 (pbk.)
035 ## - SYSTEM CONTROL NUMBER
System control number (DNLM)101295340
040 ## - CATALOGING SOURCE
Original cataloging agency DNLM/DLC
Transcribing agency DLC
Modifying agency DLC
043 ## - GEOGRAPHIC AREA CODE
Geographic area code n-us---
050 00 - LIBRARY OF CONGRESS CALL NUMBER
Classification number RJ 102
Item number .So63 2007
082 00 - DEWEY DECIMAL CLASSIFICATION NUMBER
Classification number 618.92/89
-- 22
245 00 - TITLE STATEMENT
Title Social & emotional health in early childhood :
Remainder of title building bridges between services and systems /
Statement of responsibility, etc edited by Deborah F. Perry, Roxane K. Kaufmann, and Jane Knitzer.
260 ## - PUBLICATION, DISTRIBUTION, ETC. (IMPRINT)
Place of publication, distribution, etc Baltimore :
Name of publisher, distributor, etc P.H. Brookes Pub.,
Date of publication, distribution, etc c2007.
300 ## - PHYSICAL DESCRIPTION
Extent xxiii, 404 p. :
Other physical details ill. ;
Dimensions 23 cm.
490 0# - SERIES STATEMENT
Series statement Systems of care for children's mental health
521 ## - TARGET AUDIENCE NOTE
Target audience note
562 ## - COPY AND VERSION IDENTIFICATION NOTE
Number of copies for circulation : 1 copy available in the collection
650 #0 - SUBJECT ADDED ENTRY--TOPICAL TERM
Topical term or geographic name as entry element Child health services
Geographic subdivision United States.
650 #0 - SUBJECT ADDED ENTRY--TOPICAL TERM
Topical term or geographic name as entry element Child mental health services
Geographic subdivision United States.
650 12 - SUBJECT ADDED ENTRY--TOPICAL TERM
Topical term or geographic name as entry element Mental Disorders Diagnosed in Childhood.
650 22 - SUBJECT ADDED ENTRY--TOPICAL TERM
Topical term or geographic name as entry element Child.
650 22 - SUBJECT ADDED ENTRY--TOPICAL TERM
Topical term or geographic name as entry element Developmental Disabilities
General subdivision prevention & control.
650 22 - SUBJECT ADDED ENTRY--TOPICAL TERM
Topical term or geographic name as entry element Health Promotion.
650 22 - SUBJECT ADDED ENTRY--TOPICAL TERM
Topical term or geographic name as entry element Infant.
650 22 - SUBJECT ADDED ENTRY--TOPICAL TERM
Topical term or geographic name as entry element Mental Health Services.
700 1# - ADDED ENTRY--PERSONAL NAME
Personal name Perry, Deborah F.
700 1# - ADDED ENTRY--PERSONAL NAME
Personal name Kaufmann, Roxane K.
700 1# - ADDED ENTRY--PERSONAL NAME
Personal name Knitzer, Jane.
856 41 - ELECTRONIC LOCATION AND ACCESS
Materials specified Table of contents only
Uniform Resource Identifier <a href="http://www.loc.gov/catdir/toc/ecip077/2006101731.html">http://www.loc.gov/catdir/toc/ecip077/2006101731.html</a>
906 ## - LOCAL DATA ELEMENT F, LDF (RLIN)
a 7
b cbc
c orignew
d 1
e ecip
f 20
g y-gencatlg
942 ## - ADDED ENTRY ELEMENTS (KOHA)
Source of classification or shelving scheme Dewey Decimal Classification
Koha item type Books
Call number prefix Foreign
Holdings
Withdrawn status Lost status Source of classification or shelving scheme Damaged status Home library Current library Shelving location Date acquired Total Checkouts Full call number Barcode Date last seen Copy number Price effective from Koha item type
    Library of Congress Classification   College Library College Library General Circulation Section 02/22/2013   RJ 102 .So63 2007 C14484 05/15/2018 1 03/10/2014 Books

Social & emotional health in early childhood :

APA

Perry D. F., Kaufmann R. K. & Knitzer J. (2007). Social & emotional health in early childhood. Baltimore: P.H. Brookes Pub.

Chicago

Perry Deborah F, Kaufmann Roxane K and Knitzer Jane. 2007. Social & emotional health in early childhood. Baltimore: P.H. Brookes Pub.

Harvard

Perry D. F., Kaufmann R. K. and Knitzer J. (2007). Social & emotional health in early childhood. Baltimore: P.H. Brookes Pub.

MLA

Perry Deborah F, Kaufmann Roxane K and Knitzer Jane. Social & emotional health in early childhood. Baltimore: P.H. Brookes Pub. 2007.

  • Place hold
  • Print
  • Cite
  • Add to your cart (remove)
  • Save record
    BIBTEX Dublin Core MARCXML MARC (non-Unicode/MARC-8) MARC (Unicode/UTF-8) MARC (Unicode/UTF-8, Standard) MODS (XML) RIS
  • More searches
    Search for this title in:
    Other Libraries (WorldCat) Other Databases (Google Scholar) Online Stores (Bookfinder.com) Open Library (openlibrary.org)

Exporting to Dublin Core...

SOUTHVILLE LIBRARY

Southville International School and Colleges Library

1281 Tropical Ave. Cor. Luxembourg St., BF Homes International, Las Pinas City

Tel. No. 8256374 / 252358 Loc. 117/146

Powered by Koha